000 00476 a2200169 4500
003 OSt
005 20231106162029.0
008 231106b |||||||| |||| 00| 0 eng d
040 _coclc
082 _a954.83
_bHAM/M
100 _aHameed, C Abdul
_99845
245 _aMALABAR SAMARAM PADANAYAKAR /
_cC Abdul Hameed
250 _a2nd ed.
260 _aKerala
_bThejas books,
_c2021.
300 _a190 p
942 _2ddc
_cBK
_h954.83
_iHAM/M
_k954.83
_mHAM/M
999 _c42837
_d42837